000 00857cam a2200265 a 4500
001 000043594
005 20201002044852.0
008 900823s19uu dr a r 000 d spa d
040 _aDO-SdBNP
_bspa
_cBNPHU
082 _a862.6
_bB928h
100 1 _aBuero Vallejo, Antonio,
_d1916-2000
_917657
245 1 0 _aHistoria de una escalera ;
_by Las palabras en la arena /
_cAntonio Buero Vallejo.
246 1 3 _aLas palabras en la arena
260 _a[República Dominicana :
_bs.n.,
_c19??].
300 _a87 p. :
_bil. ;
_c16 cm.
490 1 _aTeatro
586 _aPremio Lope de Vega, 1949
590 _aInventariado, 2019/BT
650 4 _aTeatro español
_93071
650 4 _aLiteratura española
_9632
740 0 _aHistoria de una escalera.
740 0 _aPalabras en la arena
830 0 _aTeatro
_95617
910 _aValidado. Control de calidad. EMS
999 _c43083
_d43083